Statistics for Countries Bordering 'N' Countries

Click here to take the quiz!

General Stats

  • This quiz has been taken 555 times
  • The average score is 18 of 23

Answer Stats

Country% Correct
China
89%
Sweden
86%
Chad
85%
Costa Rica
85%
Honduras
84%
Niger
84%
Angola
83%
Russia
83%
Finland
82%
Belgium
81%
Nigeria
81%
South Africa
81%
Germany
80%
India
79%
South Korea
79%
Algeria
78%
Mali
78%
Botswana
77%
Cameroon
76%
Benin
75%
Burkina Faso
74%
Libya
68%
Zambia
64%

Score Distribution

Percentile by Number Answered

Percent of People with Each Score

Your Score History

You have not taken this quiz